| 000 | 00912cam a2200265 4500 | ||
|---|---|---|---|
| 008 | 090401t1996 xxu||||| |||| 00| 0 eng d | ||
| 020 | _a1851123113 | ||
| 035 | _a(Sirsi) u41624 | ||
| 041 | _aeng | ||
| 050 | _a333.73 | ||
| 110 |
_aUnited Kingdom _bDepartment of the Environment _9982 |
||
| 245 | _aWaste recycling, treatment and disposal sites : landfills and other waste treatment or waste disposal sites. | ||
| 260 |
_aLondon _bDepartment of the Environment _c1996 |
||
| 300 | _aiii,14p. ; 30cm. | ||
| 350 | _a10 | ||
| 490 | _aDoE Industry Profile | ||
| 520 | _aProfile based on the work of Aspinwall and Co and Consultants in Environmental Sciences, prepared for publication by BRE. | ||
| 650 | _aCONTAMINATED LAND | ||
| 650 | _aLANDFILL SITES | ||
| 650 | _aWASTE DISPOSAL | ||
| 650 | _aWASTE TREATMENT | ||
| 690 | _aENVIRONMENTAL AND LAND CONSULTANCY | ||
| 942 | _n0 | ||
| 948 | _c04/03/1997 | ||
| 999 |
_c90953 _d90953 |
||